000 00742nam a2200241Ia 4500
003 OSt
005 20220923223808.0
006 a|||||r|||| 00| 0
007 ta
008 Pun
024 _a221,446
037 _cTextual
040 _aARTS
_cARTS
_bPun
041 _2Pun
_aPun
082 _aO153,3N17x, P4
100 _aਦੁੱਗਲ, ਕਰਤਾਰ ਸਿੰਘ
_9156274
245 0 _aਮੇਰੀਆਂ ਸ੍ਰੇFਟ ਕਹਾਣੀਆਂ
260 _aਦਿੱਲੀ
_b ਨਵਯੁਗ ਪਬਲੀFਰਗ਼
_c2004
300 _a192ਪੰ
_ccm.
650 _aਪੰਜਾਬੀ ਸਾਹਿਤ
942 _hO153,3N17x, P4
_cTEXL
_2CC
999 _c367435
_d367435